00549nam a2200169 i 4500001000300000245005800003260004800061490003100109650001300140700002800153830003100181040000800212041000800220080001200228008004100240856009800281bg 0aŻelazo-Fe /c[oprac. Bronisław Bednarczuk et al.]. aWarszawa :bWydawnictwa Geologiczne,c1979.1 aSurowce Mineralne Świata 9aŻelazo1 aBednarczuk, Bronisław. aSurowce Mineralne Świata cBPK apol a553:622 s pl f |000 0 pol  uhttp://koha.tu.koszalin.pl/cgi-bin/koha/opac-detail.pl?biblionumber=19158yKatalog online BPK